Major League Soccer: 50+ Goals (2000-) - Statistics

General Stats
  • This quiz has been taken 6 times
  • The average score is 24 of 81
Answer Stats
Ranking Player Positions Nationality Matches Goals (assists) Periods Clubs % Correct
81 Lionel Messi RW 53 50 (28) 2023-2025
100%
3 Landon Donovan ST 340 145 (109) 2001-2014, 2016-2017
83%
42 Sebastian Giovinco CF 114 68 (41) 2015-2018
83%
25 Carlos Vela RW 152 78 (42) 2018-2023
67%
34 Clint Dempsey CF 186 72 (35) 2004-2006, 2013-2018
67%
24 Jozy Altidore ST 202 79 (24) 2006-2008, 2015-2023
67%
2 Kei Kamara ST 461 146 (50) 2006-2013, 2015-2020, 2022-2025
67%
18 Ola Kamara ST 173 83 (16) 2016-2022
67%
19 Robbie Keane ST 125 83 (34) 2011-2016
67%
77 Thierry Henry ST 122 51 (33) 2010-2014
67%
73 Zlatan Ibrahimović ST 56 52 (14) 2018-2019
67%
71 Alejandro Moreno ST 272 52 (26) 2002-2012
50%
13 Carlos Ruiz ST 183 89 (17) 2002-2008, 2011-2012, 2013-2014, 2016-2017
50%
27 David Villa ST 117 77 (21) 2015-2018
50%
45 Denis Bouanga LW 101 65 (25) 2022-2025
50%
36 Eddie Johnson ST 201 71 (15) 2001-2007, 2012-2014
50%
14 Jaime Moreno ST 255 88 (48) 2000-2010
50%
4 Josef Martínez ST 214 130 (21) 2017-2025
50%
38 Raúl Ruidíaz ST 136 71 (9) 2018-2024
50%
41 Albert Rusnák AM 263 69 (50) 2017-2025
33%
6 Bradley Wright-Phillips ST 231 114 (28) 2013-2021
33%
1 Chris Wondolowski ST 410 169 (41) 2005-2021
33%
72 Dejan Joveljić ST 138 52 (15) 2021-2025
33%
23 Diego Fagúndez LW 422 79 (62) 2011-2025
33%
31 Diego Rossi AM 174 74 (31) 2018-2021, 2023-2025
33%
17 Diego Váleri AM 259 85 (67) 2013-2021
33%
16 Fredy Montero ST 272 85 (42) 2009-2012, 2017-2018, 2019-2023
33%
8 Gyasi Zardes ST 325 103 (32) 2013-2024
33%
52 Johnny Russell RW 205 61 (31) 2018-2025
33%
80 Taty Castellanos ST 106 50 (20) 2018-2022
33%
55 Alan Gordon ST 294 59 (27) 2004-2018
17%
32 Álvaro Saborío ST 158 73 (12) 2010-2016
17%
12 Ante Razov ST 196 89 (35) 2000-2008
17%
61 Brad Davis LM 392 57 (103) 2002-2016
17%
20 Brian Ching ST 233 82 (32) 2001-2002, 2003-2013
17%
28 Brian White ST 181 76 (20) 2018-2025
17%
59 Chad Barrett ST 278 58 (27) 2005-2017
17%
69 Chris Pontius LW 259 53 (40) 2009-2019
17%
46 Chris Rolfe ST 239 64 (25) 2005-2009, 2012-2016
17%
66 Christian Ramirez ST 185 55 (17) 2017-2021, 2023-2025
17%
11 C.J. Sapong ST 367 89 (35) 2011-2023
17%
37 Conor Casey ST 195 71 (20) 2007-2016
17%
44 Cristian Arango ST 122 66 (16) 2021-2025
17%
49 Dániel Gazdag AM 151 63 (23) 2021-2025
17%
68 Dániel Sallói LW 240 54 (38) 2017-2025
17%
79 Davy Arnaud CM 351 50 (32) 2002-2015
17%
57 Diego Rubio ST 220 59 (33) 2016-2025
17%
15 Dom Dwyer ST 229 86 (19) 2012-2019, 2021-2022
17%
48 Dominic Oduro RW 345 63 (34) 2006-2018
17%
7 Dwayne de Rosario AM 342 104 (56) 2001-2014
17%
74 Eddie Gaven RW 278 51 (34) 2003-2013
17%
47 Edgar Espíndola ST 212 64 (36) 2007-2016
17%
10 Edson Buddle ST 304 100 (21) 2001-2010, 2012-2015
17%
58 Ethan Finlay RW 333 58 (43) 2012-2024
17%
53 Fafà Picault LW 244 60 (26) 2017-2025
17%
63 Fanendo Adi ST 157 56 (12) 2014-2021
17%
60 Federico Higuaín AM 229 58 (52) 2012-2021
17%
21 Hany Mukhtar AM 179 82 (48) 2020-2025
17%
43 Ignacio Piatti LW 135 66 (29) 2014-2019
17%
54 Jason Kreis RW 180 60 (21) 2000-2007
17%
75 Javier Morales AM 255 51 (73) 2007-2017
17%
5 Jeff Cunningham ST 312 114 (49) 2000-2011
17%
51 Jeremy Ebobisse ST 217 61 (17) 2017-2025
17%
62 Jesús Ferreira ST 195 57 (31) 2017-2025
17%
70 Jonathan Osorio CM 326 52 (35) 2013-2025
17%
40 Jordan Morris ST 210 70 (27) 2016-2017, 2019-2025
17%
50 Josh Wolff RW 225 62 (39) 2000-2006, 2008-2012
17%
35 Juan Pablo Ángel ST 152 72 (9) 2007-2012
17%
64 Justin Meram LW 356 55 (54) 2011-2023
17%
30 Kenny Cooper Jr. ST 211 75 (16) 2006-2009, 2011-2015
17%
65 Lee Nguyen AM 253 55 (40) 2012-2020
17%
26 Luciano Acosta AM 272 77 (75) 2016-2019, 2021-2025
17%
76 Mauro Manotas ST 146 51 (18) 2015-2020
17%
33 Maximiliano Urruti ST 312 72 (30) 2013-2023, 2025-2026
17%
39 Mike Magee ST 314 70 (28) 2003-2016
17%
78 Nemanja Nikolics ST 96 51 (5) 2017-2019
17%
56 Sébastien Le Toux ST 263 59 (46) 2009-2017
17%
67 Steve Ralston RM 256 54 (65) 2000-2009
17%
9 Taylor Twellman ST 174 101 (25) 2002-2009
17%
29 Teal Bunbury ST 413 75 (32) 2010-2025
17%
22 Will Bruin ST 328 80 (34) 2011-2023
17%
No matching quizzes found
Score Distribution
Percent of People with Each Score
Percentile by Number Answered
Your Score History
You have not taken this quiz